000 00220nam a2200097Ia 4500
008 190216s9999||||xx |||||||||||||| ||und||
100 _aMenon K K P
245 0 _aNammude Malsyangal
260 _bCurrent Books
942 _cBK
999 _c37294
_d37294